000 01074cam a2200277 a 4500
001 000019390
005 20200929170014.0
008 860916s1964 sp 001 0 spa d
040 _aDO-SdBNP
_bspa
_cMH
_dDLC
_dBNPHU
082 _a863.5
_bF363i
100 1 _aFernández Flórez, Wenceslao,
_d1885-1964
_922402
245 1 0 _aImpresiones de un hombre de buena fe :
_b(1914-1919) /
_cWenceslao Fernández Flórez.
260 _aMadrid, (España) :
_bEditorial Espasa-Calpe,
_c1964.
300 _av ;
_c18 cm.
490 1 _aAustral. Amarilla: libros póliticos y documentos de la época
_v1342
500 _aIncluye índice de autores
500 _aVolumen extra
505 0 _a1. 1914-1919 -- 2. 1920-1936.
650 4 _aCuentos españoles
_93194
650 4 _aCrónicas españolas
_941641
651 4 _aEspaña
_xCortes
_xCongreso De Los Diputados
_941642
651 4 _aEspaña
_xPolítica Y Gobierno
_y1886-1931.
_919195
830 0 _aAustral.
_pAmarilla: libros póliticos y documentos de la época
_v1342
_941643
910 _aCatalogación derivada / LC
049 _aBNGR
999 _c18906
_d18906